Information Technology: The Breaking Wave, (Record no. 6047)

MARC details
005 - DATE AND TIME OF LATEST TRANSACTION
control field 20250628140824.0
020 ## - INTERNATIONAL STANDARD BOOK NUMBER
International Standard Book Number 0-256-21847-1
082 ## - DEWEY DECIMAL CLASSIFICATION NUMBER
Classification number 004 INF
100 ## - MAIN ENTRY--PERSONAL NAME
Author name INFORMATION TECHNPLPGY,
245 ## - TITLE STATEMENT
Title Information Technology: The Breaking Wave,
260 ## - PUBLICATION, DISTRIBUTION, ETC.
Place of publication, distribution, etc. New York,
Name of publisher, distributor, etc. McGraw-Hill Irwin,
Date of publication, distribution, etc. 1998.
300 ## - PHYSICAL DESCRIPTION
Extent xix;300p: ill; Figure, Picture,
Other physical details Index,
Dimensions 28cm.
700 ## - ADDED ENTRY--PERSONAL NAME
Other authors/Editors CURTIN, D.P. [...et al...]
942 ## - ADDED ENTRY ELEMENTS (KOHA)
Source of classification or shelving scheme Dewey Decimal Classification
Koha item type Books
Holdings
Date last seen Total checkouts Full call number Barcode Cost, replacement price Price effective from Koha item type Lost status Source of classification or shelving scheme Damaged status Not for loan Withdrawn status Home library Current library Shelving location Date acquired Cost, normal purchase price
06/28/2025   004 INF DOM0002172 150000.00 06/28/2025 Books   Dewey Decimal Classification       CBE Dodoma CBE Dodoma General Collection 06/28/2008 50000.00